000 00989nas a2200337 4500
001 BR0500328
003 BR-BrBNA
005 20231205105119.0
007 ta
008 230509b bl.|||p| |||| 00| 00por d
040 _aBR-BrBNA
_bpor
_cBiblioteca Nacional de Agricultura
041 _a(Pt)
072 _aF02
100 1 _aFerreira, M. das G.R.
100 1 _aCárdenas, F.E.N.
100 1 _aCarvalho, C.H.S. de
100 1 _aCarneiro, A.A.
100 1 _aDamião Filho, C.F.
245 1 _aIndução de calos embriogênicos em explantes de cupuaçuzeiro
650 _aCUPUAÇU
650 _aINDUÇÃO
650 _aEXPLANTE
650 _aCALO
650 _aEMBRIOGÊNESE
650 _aTRANSFERÊNCIA DE EMBRIÃO
650 _aCULTURA DE TECIDO
650 _aCULTURA IN VITRO
773 0 _tRevista Brasileira de Fruticultura (Brazil)
_xISSN 0100-2945
_g(Aug 2004), v. 26(2) p. 372-374
_wBR0500328
909 _a202311
_bLúcia
_c55
_dLúcia Elande
942 _2AGRIS
_n0
_cANA
999 _c181313
_d181313